[Event "POL-chT 2nd League"]
[Site "Mrzezyno"]
[Date "2011.09.06"]
[Round "4"]
[White "Jagodzinski, Waldemar"]
[Black "Brzezinski, Mateusz"]
[Result "0-1"]
[WhiteElo "2029"]
[BlackElo "2017"]
[PlyCount "132"]
[EventDate "2011.09.03"]
[EventType "team-swiss"]
[EventRounds "9"]
[EventCountry "POL"]
[SourceTitle "EXT 2015"]
[Source "ChessBase"]
[SourceDate "2014.11.20"]
[SourceVersion "1"]
[SourceVersionDate "2014.11.20"]
[SourceQuality "1"]
[WhiteTeam "Znin Baszta II"]
[BlackTeam "Bydgoszcz Hetman"]
[WhiteTeamCountry "POL"]
[BlackTeamCountry "POL"]

1. d4 d5 2. Nf3 Nf6 3. c4 e6 4. e3 c6 5. Nbd2 Nbd7 6. Bd3 Bd6 7. 0-0 0-0 8. e4 e5 9. exd5 cxd5 10. cxd5 exd4 11. Nc4 Bb8 12. Bg5 h6 13. Bh4 Nb6 14. d6 Nxc4 15. Bxc4 Qxd6 16. Bg3 Qb6 17. Qxd4 Bxg3 18. hxg3 Qxd4 19. Nxd4 Rd8 20. Rad1 a6 21. Bb3 Bg4 22. f3 Bh5 23. Nf5 Kf8 24. Nh4 g5 25. Nf5 Bg6 26. Ne3 Rac8 27. Rfe1 h5 28. Nc4 Rxd1 29. Rxd1 Rc7 30. Ne5 Bf5 31. Rd6 Ng8 32. Rb6 f6 33. Nc4 Bc8 34. Ne3 Rc6 35. Rxc6 bxc6 36. Bc4 Ke7 37. Bd3 Bd7 38. Bg6 Be6 39. a3 Bf7 40. Bd3 a5 41. Kf2 Be6 42. Ke2 f5 43. f4 Kf7 44. Kf3 Nf6 45. Bc4 g4+ 46. Ke2 Ke7 47. Bxe6 Kxe6 48. Nc4 Ne4 49. Nxa5 Nxg3+ 50. Ke3 Kd5 51. Nb3 Ne4 52. Nd4 Nd6 53. g3 c5 54. Ne2 Nc4+ 55. Kd3 Nxb2+ 56. Ke3 Nc4+ 57. Kd3 Nb2+ 58. Kc3 Nd1+ 59. Kd3 Nf2+ 60. Ke3 Ne4 61. Kd3 c4+ 62. Kc2 Kc5 63. Kb2 c3+ 64. Kb3 Kb6 65. Nd4 Nxg3 66. Kxc3 h4 0-1

[Event "POL-chT 2nd League"]
[Site "Mrzezyno"]
[Date "2011.09.05"]
[Round "3.56"]
[White "Jagodzinski, Waldemar"]
[Black "Matras Clement, Agnieszka"]
[Result "0-1"]
[WhiteElo "2029"]
[BlackElo "2272"]
[PlyCount "106"]
[EventDate "2011.09.03"]
[EventType "team-swiss"]
[EventRounds "9"]
[EventCountry "POL"]
[SourceTitle "EXT 2019"]
[Source "ChessBase"]
[SourceDate "2018.10.10"]
[SourceVersion "1"]
[SourceVersionDate "2018.10.10"]
[SourceQuality "1"]
[WhiteTeam "Znin Baszta II"]
[BlackTeam "Rybnik MKSz"]
[WhiteTeamCountry "POL"]
[BlackTeamCountry "POL"]

1. d4 d5 2. Nf3 Nf6 3. c4 e6 4. e3 Be7 5. Nc3 0-0 6. Bd3 dxc4 7. Bxc4 a6 8. 0-0 b5 9. Bb3 Bb7 10. Qe2 Nbd7 11. Rd1 c5 12. d5 exd5 13. Nxd5 c4 14. Nxe7+ Qxe7 15. Bc2 Nc5 16. Bd2 Nfe4 17. Ba5 Rfe8 18. Rd4 Bc6 19. a3 Qb7 20. Ne1 Ne6 21. Rdd1 Nf6 22. f3 Nd5 23. Qf2 Ng5 24. e4 Nf4 25. Qe3 Nge6 26. Rd2 Qe7 27. Rad1 Qc5 28. Qxc5 Nxc5 29. g3 Nfe6 30. Ng2 f5 31. Rd6 Rac8 32. exf5 Ng5 33. Nh4 Nb7 34. Bb4 Nxd6 35. Rxd6 Nxf3+ 36. Nxf3 Bxf3 37. Re6 Rxe6 38. fxe6 g6 39. Kf2 Bd5 40. e7 Kf7 41. Bd1 a5 42. Bxa5 Kxe7 43. Bg4 Rf8+ 44. Ke3 Rf1 45. Bb4+ Ke8 46. h4 h5 47. Be2 Rg1 48. Kd4 Bc6 49. Bd6 Kd7 50. Bf4 Re1 51. Ke3 Ke6 52. Bh6 Rg1 53. Bf4 Rb1 0-1

[Event "Rewal op-B 16th"]
[Site "Rewal"]
[Date "2011.08.27"]
[Round "8"]
[White "Lizak, Jakub"]
[Black "Jagodzinski, Waldemar"]
[Result "0-1"]
[WhiteElo "1772"]
[BlackElo "2029"]
[PlyCount "108"]
[EventDate "2011.08.18"]
[EventType "swiss"]
[EventRounds "9"]
[EventCountry "POL"]
[SourceTitle "CBM 144 Extra"]
[Source "ChessBase"]
[SourceDate "2011.10.28"]
[SourceVersion "1"]
[SourceVersionDate "2011.10.28"]
[SourceQuality "1"]

1. e4 c5 2. Nf3 d6 3. d4 cxd4 4. Nxd4 Nf6 5. Nc3 Bd7 6. Bg5 e6 7. Qd2 Bc6 8. f3 a6 9. 0-0-0 Qc7 10. Kb1 Nbd7 11. g4 h5 12. Bxf6 gxf6 13. g5 fxg5 14. Qxg5 Be7 15. Qe3 0-0-0 16. Nxc6 Qxc6 17. f4 Kb8 18. Be2 Rc8 19. Rc1 h4 20. e5 dxe5 21. fxe5 Qc7 22. Rhf1 Nxe5 23. Ne4 Rhg8 24. Rg1 f5 25. Rxg8 Rxg8 26. Nd2 Bg5 27. Qg1 Rg7 28. Qe1 Bf4 29. Rd1 Rd7 30. Nf3 Rxd1+ 31. Bxd1 Qa5 32. Nxe5 Qxe5 33. Qxh4 Qe3 34. Qd8+ Ka7 35. a3 Qc1+ 36. Ka2 Qe3 37. h4 Qc5 38. Qd3 e5 39. b4 Qg1 40. Be2 Qf2 41. h5 e4 42. Qc4 Be3 43. h6 Bxh6 44. Qc5+ Qxc5 45. bxc5 Bf8 46. Kb3 Bxc5 47. a4 Kb6 48. Kc4 Kc6 49. Kc3 Kd6 50. Kd2 a5 51. c3 f4 52. Bh5 Ke5 53. Be2 f3 54. Bc4 Bf2 0-1

[Event "Rewal op-B 16th"]
[Site "Rewal"]
[Date "2011.08.24"]
[Round "5"]
[White "Jagodzinski, Waldemar"]
[Black "Wisniewski, Michal"]
[Result "0-1"]
[WhiteElo "2029"]
[BlackElo "1713"]
[PlyCount "78"]
[EventDate "2011.08.18"]
[EventType "swiss"]
[EventRounds "9"]
[EventCountry "POL"]
[SourceTitle "CBM 144 Extra"]
[Source "ChessBase"]
[SourceDate "2011.10.28"]
[SourceVersion "1"]
[SourceVersionDate "2011.10.28"]
[SourceQuality "1"]

1. d4 d5 2. Nf3 e6 3. c4 c5 4. cxd5 exd5 5. Nc3 Nc6 6. e3 Nf6 7. Bb5 Be7 8. 0-0 0-0 9. dxc5 Bxc5 10. b3 a6 11. Bxc6 bxc6 12. Nd4 Qd6 13. Bb2 Bb6 14. Qf3 Bc7 15. Qg3 Qd7 16. Qh4 Ng4 17. h3 Nf6 18. Nf3 Re8 19. Rfd1 h6 20. Qd4 Qd6 21. Na4 Re4 22. Qc3 Ne8 23. Nc5 Re7 24. Rac1 Qg6 25. Kf1 Qh5 26. Ke2 Be5 27. Qd2 Bxb2 28. Qxb2 Nf6 29. Nd3 Bb7 30. Nf4 Qf5 31. Nd4 Qxf4 32. Nxc6 Bxc6 33. Rxc6 Rae8 34. Kf1 Rxe3 35. Qc1 Nh5 36. Kg1 Re2 37. Qxf4 Nxf4 38. Rxa6 Rb2 39. Rd4 Ne2+ 0-1

[Event "Rewal op-B 16th"]
[Site "Rewal"]
[Date "2011.08.23"]
[Round "4"]
[White "Hagner, Pawel"]
[Black "Jagodzinski, Waldemar"]
[Result "1/2-1/2"]
[WhiteElo "1781"]
[BlackElo "2029"]
[PlyCount "126"]
[EventDate "2011.08.18"]
[EventType "swiss"]
[EventRounds "9"]
[EventCountry "POL"]
[SourceTitle "CBM 144 Extra"]
[Source "ChessBase"]
[SourceDate "2011.10.28"]
[SourceVersion "1"]
[SourceVersionDate "2011.10.28"]
[SourceQuality "1"]

1. d4 d5 2. Nf3 Nf6 3. Bg5 c6 4. c3 Bf5 5. e3 Qb6 6. Qc1 Nbd7 7. Nbd2 e6 8. Be2 Be7 9. h3 Qd8 10. 0-0 h6 11. Bf4 0-0 12. Ne5 Nxe5 13. dxe5 Nd7 14. Rd1 Qb8 15. Nc4 Rd8 16. Nd6 Bxd6 17. exd6 e5 18. Bg3 Qxd6 19. c4 Qe6 20. cxd5 cxd5 21. Qd2 Nb6 22. Rac1 f6 23. b3 Qd7 24. Qa5 Be6 25. Rc5 Rac8 26. Rdc1 Rxc5 27. Rxc5 Rc8 28. Rxc8+ Nxc8 29. Bb5 Qe7 30. Qc3 Nd6 31. Bd3 Ne4 32. Bxe4 dxe4 33. Qc2 Bd5 34. Qc8+ Kf7 35. Qf5 Qe6 36. Qh5+ Kf8 37. Qe2 Qc6 38. Qd2 b6 39. Kh2 Qc5 40. Qb2 Bc6 41. Qd2 Ke7 42. Qb2 Bb5 43. Qd2 a5 44. Qb2 Bd3 45. Qd2 Qc2 46. Qxc2 Bxc2 47. f4 exf3 48. gxf3 b5 49. f4 Kd6 50. Be1 b4 51. a3 bxa3 52. Bxa5 Kc5 53. Bc3 e4 54. f5 Bxb3 55. Kg3 Bd1 56. Kf2 Kc4 57. Bd4 Kd3 58. Ba1 Ba4 59. Bd4 Bd7 60. h4 h5 61. Kg3 Bxf5 62. Kf4 Bg6 63. Kg3 Kc2 1/2-1/2

[Event "Rewal op-B 16th"]
[Site "Rewal"]
[Date "2011.08.21"]
[Round "2"]
[White "Tomczak, Mikolaj"]
[Black "Jagodzinski, Waldemar"]
[Result "1-0"]
[WhiteElo "1693"]
[BlackElo "2029"]
[PlyCount "119"]
[EventDate "2011.08.18"]
[EventType "swiss"]
[EventRounds "9"]
[EventCountry "POL"]
[SourceTitle "CBM 144 Extra"]
[Source "ChessBase"]
[SourceDate "2011.10.28"]
[SourceVersion "1"]
[SourceVersionDate "2011.10.28"]
[SourceQuality "1"]

1. e4 d6 2. d4 Nf6 3. Nc3 c6 4. f3 e5 5. dxe5 dxe5 6. Qxd8+ Kxd8 7. Bc4 Ke8 8. Bg5 Bb4 9. Nge2 Nbd7 10. a3 Ba5 11. 0-0-0 h6 12. Bh4 Nf8 13. Bg3 Bc7 14. Rd2 Be6 15. Bxe6 Nxe6 16. Rhd1 Ke7 17. Kb1 Rhd8 18. Rxd8 Rxd8 19. Rxd8 Kxd8 20. Nd1 Nd7 21. Ne3 g6 22. a4 f6 23. b3 Bb6 24. Nc4 Bc5 25. c3 Be7 26. Kc2 Ndc5 27. Nc1 Kd7 28. Nd3 Nxd3 29. Kxd3 Bc5 30. Kc2 Bg1 31. Nb2 Ng7 32. Nd3 b6 33. Nf2 Ke6 34. Kd3 f5 35. Nh3 Bc5 36. Be1 Nh5 37. Bd2 fxe4+ 38. Kxe4 Nf6+ 39. Kd3 g5 40. b4 Bd6 41. Nf2 e4+ 42. Nxe4 Nxe4 43. Kxe4 Bxh2 44. c4 a6 45. b5 axb5 46. axb5 cxb5 47. cxb5 Bg1 48. g4 Bf2 49. Bb4 Bg3 50. Bf8 Bd6 51. Bg7 Kf7 52. Kd5 Bc5 53. Bd4 Bxd4 54. Kxd4 Kg6 55. Kd5 h5 56. gxh5+ Kxh5 57. Ke5 Kh6 58. Kf6 Kh5 59. Kg7 Kh4 60. Kg6 1-0

[Event "Znin op"]
[Site "Znin"]
[Date "2010.06.29"]
[Round "5"]
[White "Jagodzinski, Waldemar"]
[Black "Konieczynski, Piotr"]
[Result "0-1"]
[WhiteElo "2066"]
[BlackElo "1905"]
[PlyCount "40"]
[EventDate "2010.06.27"]
[EventType "swiss"]
[EventRounds "9"]
[EventCountry "POL"]
[SourceTitle "CBM 137 Extra"]
[Source "ChessBase"]
[SourceDate "2010.09.01"]
[SourceVersion "1"]
[SourceVersionDate "2010.09.01"]
[SourceQuality "1"]

1. d4 d5 2. Nf3 Nf6 3. c4 dxc4 4. e3 e6 5. Bxc4 c5 6. 0-0 a6 7. a4 Nc6 8. Nc3 Be7 9. dxc5 Bxc5 10. Qxd8+ Kxd8 11. Ng5 Ke7 12. Nge4 Nxe4 13. Nxe4 Bb4 14. Rd1 b6 15. Bd2 Bb7 16. Bxb4+ Nxb4 17. Nc3 Rac8 18. Be2 Rhd8 19. Rac1 Rxd1+ 20. Rxd1 Rd8 0-1

[Event "POL-chT 2nd League"]
[Site "Miedzyzdroje"]
[Date "2009.09.13"]
[Round "2"]
[White "Jagodzinski, Waldemar"]
[Black "Jedrzejewski, Kamil"]
[Result "0-1"]
[WhiteElo "2068"]
[BlackElo "2017"]
[PlyCount "70"]
[EventDate "2009.09.12"]
[EventType "team-swiss"]
[EventRounds "9"]
[EventCountry "POL"]
[SourceTitle "EXT 2019"]
[Source "ChessBase"]
[SourceDate "2018.10.10"]
[SourceVersion "1"]
[SourceVersionDate "2018.10.10"]
[SourceQuality "1"]
[WhiteTeam "Znin Baszta"]
[BlackTeam "Gniezno LKS Chrobry"]
[WhiteTeamCountry "POL"]
[BlackTeamCountry "POL"]

1. d4 d5 2. Nf3 Nf6 3. c4 e6 4. e3 Be7 5. Nbd2 b6 6. Bd3 Bb7 7. cxd5 exd5 8. Qa4+ Nbd7 9. Ne5 0-0 10. Nc6 Qe8 11. Ba6 Bxa6 12. Qxa6 Bd6 13. b4 Nb8 14. Nxb8 Bxb4 15. 0-0 Qxb8 16. Rb1 Bd6 17. Ba3 c6 18. Nf3 Rd8 19. Rfc1 Qc8 20. Qa4 c5 21. dxc5 bxc5 22. Qh4 Qf5 23. Qg5 Qxg5 24. Nxg5 Rab8 25. g3 Rb6 26. Rb3 h6 27. Nf3 Rxb3 28. axb3 Ne4 29. Rc2 Rb8 30. Nd2 Nxd2 31. Rxd2 Rxb3 32. Rxd5 Bf8 33. Bc1 Rb1 34. Rd1 c4 35. Kf1 Ba3 0-1

[Event "POL-chT 2nd League"]
[Site "Miedzyzdroje"]
[Date "2009.09.12"]
[Round "1"]
[White "Augustyn, Sebastian"]
[Black "Jagodzinski, Waldemar"]
[Result "1/2-1/2"]
[WhiteElo "2102"]
[BlackElo "2068"]
[PlyCount "108"]
[EventDate "2009.09.12"]
[EventType "team-swiss"]
[EventRounds "9"]
[EventCountry "POL"]
[SourceTitle "EXT 2019"]
[Source "ChessBase"]
[SourceDate "2018.10.10"]
[SourceVersion "1"]
[SourceVersionDate "2018.10.10"]
[SourceQuality "1"]
[WhiteTeam "Pilzno GKSz Hetman"]
[BlackTeam "Znin Baszta"]
[WhiteTeamCountry "POL"]
[BlackTeamCountry "POL"]

1. e4 d6 2. d4 Nf6 3. Nc3 c6 4. f4 Qa5 5. Bd3 e5 6. Nf3 Nbd7 7. Qe2 Be7 8. Bd2 exd4 9. Nxd4 Nc5 10. e5 Nxd3+ 11. cxd3 dxe5 12. fxe5 Ng4 13. e6 Qe5 14. exf7+ Kxf7 15. 0-0+ Kg6 16. Qe4+ Qxe4 17. Nxe4 Ne5 18. Rae1 Rf8 19. Rxf8 Bxf8 20. Nf2 Bd6 21. Bc3 Bd7 22. Nb5 cxb5 23. Bxe5 Re8 24. Bc3 b4 25. Bd2 Rxe1+ 26. Bxe1 a5 27. Ne4 Be5 28. b3 Bb5 29. Nc5 Bd4+ 30. Bf2 Bxc5 31. Bxc5 Bxd3 32. Bb6 Bb1 33. Bxa5 Bxa2 34. Bxb4 Bxb3 35. Kf2 Bd5 36. g4 Kf7 37. Ke3 Ke6 38. h4 Kf7 39. h5 Bb3 40. Ke4 Bd1 41. Kf5 b5 42. Bc3 Bc2+ 43. Kg5 Bd1 44. Bb4 Be2 45. Bc3 g6 46. hxg6+ hxg6 47. Kf4 Ke6 48. g5 Kd5 49. Ke3 Kc4 50. Kd2 Bd3 51. Bf6 Bf5 52. Bg7 b4 53. Bf6 Kb3 54. Kc1 Kc4 1/2-1/2

[Event "Rewal op-A 14th"]
[Site "Rewal"]
[Date "2009.08.29"]
[Round "9"]
[White "Szczukiewicz, Andrzej"]
[Black "Jagodzinski, Waldemar"]
[Result "0-1"]
[WhiteElo "2090"]
[BlackElo "2096"]
[PlyCount "134"]
[EventDate "2009.08.19"]
[EventType "swiss"]
[EventRounds "9"]
[EventCountry "POL"]
[SourceTitle "CBM 131 Extra"]
[Source "ChessBase"]
[SourceDate "2009.09.03"]
[SourceVersion "2"]
[SourceVersionDate "2009.09.16"]
[SourceQuality "1"]

1. e4 d6 2. d4 Nf6 3. Nc3 c6 4. Bd3 e5 5. dxe5 dxe5 6. Nf3 Nbd7 7. 0-0 g6 8. a4 Bg7 9. b4 0-0 10. Ba3 Nh5 11. b5 Re8 12. Qb1 Qf6 13. Rd1 Nf4 14. Bf1 Nh3+ 15. gxh3 Qxf3 16. Rd3 Qf6 17. Kh1 Bf8 18. Qd1 Nc5 19. Rf3 Qg5 20. Bc4 Ne6 21. Bc1 Qh5 22. Be3 Rd8 23. Qe2 Bh6 24. Rg1 Nf4 25. Bxf4 Bxf4 26. Rd3 Qh4 27. Rxd8+ Qxd8 28. Qf3 Qh4 29. Kg2 Qg5+ 30. Kh1 Qe7 31. Rd1 Be6 32. Bxe6 Qxe6 33. a5 cxb5 34. Nd5 Rc8 35. Qd3 Bg5 36. Kg2 a6 37. c3 Kg7 38. Qe2 Bd8 39. Ra1 Qc6 40. Qe3 h6 41. Qg3 Qe6 42. Qd3 Rc4 43. f3 Bg5 44. Nb6 Rc6 45. Nd5 Be7 46. Ra2 Bc5 47. Rb2 Ba7 48. Rb1 Qd6 49. Rf1 Qd8 50. Qd2 Qxa5 51. f4 Qa4 52. Re1 Bb8 53. f5 gxf5 54. Ne7 Rf6 55. Qd8 Qa2+ 56. Kh1 Rg6 57. Qg8+ Kf6 58. Nd5+ Kg5 59. Qxb8 Qf2 60. Qd8+ Kh5 61. Nf6+ Rxf6 62. Qd1+ Kg6 63. Rf1 Qe3 64. exf5+ Rxf5 65. Qc2 e4 66. Rg1+ Kf6 67. c4 Rf2 0-1

[Event "Rewal op-A 14th"]
[Site "Rewal"]
[Date "2009.08.28"]
[Round "8"]
[White "Jagodzinski, Waldemar"]
[Black "Zysko, Jan"]
[Result "0-1"]
[WhiteElo "2096"]
[BlackElo "2228"]
[PlyCount "92"]
[EventDate "2009.08.19"]
[EventType "swiss"]
[EventRounds "9"]
[EventCountry "POL"]
[SourceTitle "CBM 131 Extra"]
[Source "ChessBase"]
[SourceDate "2009.09.03"]
[SourceVersion "2"]
[SourceVersionDate "2009.09.16"]
[SourceQuality "1"]

1. d4 g6 2. e4 Bg7 3. Nf3 d6 4. Nc3 e6 5. Bg5 Ne7 6. Qd2 h6 7. Be3 b6 8. Be2 Bb7 9. 0-0-0 Nd7 10. h3 a6 11. g4 d5 12. exd5 Nxd5 13. Nxd5 Bxd5 14. c4 Be4 15. Bf4 Kf8 16. Qe3 Bb7 17. Rhe1 Kg8 18. h4 Rc8 19. h5 g5 20. Bg3 Bf6 21. Ne5 Qe7 22. Kb1 Kg7 23. Bd3 Rhd8 24. Bc2 Nf8 25. Rf1 Bg2 26. Rg1 Bb7 27. f3 c5 28. dxc5 Qxc5 29. Qxc5 Rxd1+ 30. Bxd1 Rxc5 31. b3 Rc8 32. Be2 Rd8 33. Rd1 Rxd1+ 34. Bxd1 Bd8 35. Bf2 Bc7 36. Nd3 Nd7 37. Kc2 f5 38. b4 Kf6 39. Kd2 e5 40. gxf5 Kxf5 41. Bg3 Nf6 42. Bf2 Nxh5 43. a4 Nf4 44. b5 Nxd3 45. Kxd3 axb5 46. axb5 Kf4 0-1

[Event "Rewal op-A 14th"]
[Site "Rewal"]
[Date "2009.08.24"]
[Round "4"]
[White "Klim, Kamil"]
[Black "Jagodzinski, Waldemar"]
[Result "1-0"]
[WhiteElo "2280"]
[BlackElo "2096"]
[PlyCount "69"]
[EventDate "2009.08.19"]
[EventType "swiss"]
[EventRounds "9"]
[EventCountry "POL"]
[SourceTitle "CBM 131 Extra"]
[Source "ChessBase"]
[SourceDate "2009.09.03"]
[SourceVersion "2"]
[SourceVersionDate "2009.09.16"]
[SourceQuality "1"]

1. e4 d6 2. d4 Nf6 3. Nc3 c6 4. f3 e5 5. Nge2 Nbd7 6. Be3 Be7 7. Qd2 Qa5 8. g4 b5 9. Ng3 exd4 10. Bxd4 Ne5 11. Be2 Be6 12. g5 Nfd7 13. f4 Nc4 14. Bxc4 Bxc4 15. b3 b4 16. Nd1 Ba6 17. Nf5 Nc5 18. Nxg7+ Kd7 19. Nf2 Rhg8 20. a3 Qb5 21. axb4 Ne6 22. Nxe6 fxe6 23. c4 Qb7 24. Bc3 Qc8 25. Ng4 Bb7 26. Bf6 h5 27. Bxe7 Kxe7 28. Nh6 Rf8 29. 0-0-0 Qc7 30. f5 c5 31. Qc3 Ke8 32. Rhe1 cxb4 33. Qxb4 Rd8 34. f6 a5 35. Qa3 1-0

[Event "Rewal op-A 13th"]
[Site "Rewal"]
[Date "2008.08.21"]
[Round "2"]
[White "Jagodzinski, Waldemar"]
[Black "Spicak, Krzysztof"]
[Result "1-0"]
[WhiteElo "2141"]
[BlackElo "2011"]
[PlyCount "39"]
[EventDate "2008.08.20"]
[EventType "swiss"]
[EventRounds "9"]
[EventCountry "POL"]
[SourceTitle "CBM 126 Extra"]
[Source "ChessBase"]
[SourceDate "2008.11.05"]
[SourceVersion "1"]
[SourceVersionDate "2008.11.05"]
[SourceQuality "1"]

1. d4 Nf6 2. Nf3 d5 3. c4 dxc4 4. Nc3 c6 5. e4 b5 6. e5 Nd5 7. Be2 Bg4 8. h3 Bxf3 9. Bxf3 e6 10. 0-0 Nd7 11. a4 a6 12. Bxd5 exd5 13. Qg4 b4 14. Ne2 h5 15. Qg3 a5 16. Re1 Qb6 17. Bg5 c5 18. Nf4 cxd4 19. e6 Nc5 20. Nxd5 1-0

[Event "Rewal op-A 13th"]
[Site "Rewal"]
[Date "2008.08.20"]
[Round "1"]
[White "Koziak, Vitali"]
[Black "Jagodzinski, Waldemar"]
[Result "1-0"]
[WhiteElo "2489"]
[BlackElo "2141"]
[PlyCount "55"]
[EventDate "2008.08.20"]
[EventType "swiss"]
[EventRounds "9"]
[EventCountry "POL"]
[SourceTitle "CBM 126 Extra"]
[Source "ChessBase"]
[SourceDate "2008.11.05"]
[SourceVersion "1"]
[SourceVersionDate "2008.11.05"]
[SourceQuality "1"]

1. e4 d6 2. d4 Nf6 3. Nc3 c6 4. Nf3 Bg4 5. h3 Bh5 6. g4 Bg6 7. Qe2 e6 8. h4 h6 9. h5 Bh7 10. g5 hxg5 11. Nxg5 Bg8 12. Bg2 Qb6 13. d5 e5 14. a4 a5 15. Be3 Qc7 16. 0-0-0 Na6 17. f4 Nb4 18. dxc6 bxc6 19. fxe5 dxe5 20. Qf3 Rd8 21. h6 Rxd1+ 22. Rxd1 Qe7 23. Qf5 Qc7 24. hxg7 Bxg7 25. Bh3 Bh7 26. Ne6 fxe6 27. Qxe6+ Qe7 28. Rd8+ 1-0

[Event "POL-chT 2nd League"]
[Site "Wysowa"]
[Date "2007.09.09"]
[Round "7"]
[White "Tokarski, Bartosz"]
[Black "Jagodzinski, Waldemar"]
[Result "0-1"]
[WhiteElo "2100"]
[BlackElo "2168"]
[PlyCount "92"]
[EventDate "2007.09.03"]
[EventType "team-swiss"]
[EventRounds "9"]
[EventCountry "POL"]
[SourceTitle "EXT 2010"]
[Source "ChessBase"]
[SourceDate "2010.11.25"]
[SourceVersion "1"]
[SourceVersionDate "2010.11.25"]
[SourceQuality "1"]
[WhiteTeam "Jaworzno JKSz MCKiS"]
[BlackTeam "Znin Baszta"]
[WhiteTeamCountry "POL"]
[BlackTeamCountry "POL"]

1. e4 d6 2. d4 Nf6 3. Nc3 c6 4. f4 Qa5 5. Bd3 e5 6. Nf3 Bg4 7. Be3 Nbd7 8. 0-0 Be7 9. h3 Bxf3 10. Qxf3 0-0 11. Ne2 Rfe8 12. g4 exd4 13. Bxd4 Nc5 14. g5 Nfd7 15. Ng3 Nxd3 16. cxd3 d5 17. Kh1 dxe4 18. dxe4 Bc5 19. Rfd1 Bxd4 20. Rxd4 Nc5 21. a3 Ne6 22. Rd7 Rad8 23. b4 Qb6 24. Rad1 Rxd7 25. Rxd7 g6 26. h4 Rd8 27. Rxd8+ Qxd8 28. f5 Nd4 29. Qd3 b6 30. Kg2 Qd6 31. Qa6 Qd7 32. fxg6 hxg6 33. Qc4 Ne6 34. Qc3 c5 35. bxc5 bxc5 36. Kf2 Qd6 37. Qe3 Qe5 38. Qd2 c4 39. Qc2 c3 40. Ne2 Qh2+ 41. Kf1 Qh1+ 42. Kf2 Qxh4+ 43. Ke3 Qh3+ 44. Kf2 Nxg5 45. e5 Qf3+ 46. Ke1 Ne4 0-1

[Event "Kolobrzeg op"]
[Site "Kolobrzeg"]
[Date "2007.08.19"]
[Round "3"]
[White "Sharapov, Evgeny"]
[Black "Jagodzinski, Waldemar"]
[Result "1-0"]
[WhiteElo "2437"]
[BlackElo "2168"]
[PlyCount "35"]
[EventDate "2007.08.17"]
[EventType "swiss"]
[EventRounds "9"]
[EventCountry "POL"]
[SourceTitle "EXT 2009"]
[Source "ChessBase"]
[SourceDate "2008.11.26"]
[SourceVersion "1"]
[SourceVersionDate "2008.11.26"]
[SourceQuality "1"]

1. e4 d6 2. d4 Nf6 3. Nc3 c6 4. f4 Qa5 5. Bd2 Qb6 6. Nf3 Bg4 7. e5 Nd5 8. exd6 Nxc3 9. Bxc3 e6 10. h3 Bf5 11. Qe2 Bg6 12. g4 Kd8 13. h4 h5 14. Ne5 Bxd6 15. 0-0-0 Rf8 16. Nxg6 fxg6 17. Qxe6 Bxf4+ 18. Kb1 1-0